| 000 | 00559nam a2200193 a 4500 | ||
|---|---|---|---|
| 005 | 20230608063705.0 | ||
| 008 | 030224s1999 mx r 000 0 spa d | ||
| 020 | _a8483162156 | ||
| 035 | _aUPN01000122156 | ||
| 049 | _aCG | ||
| 050 | 4 |
_aLB1043.5 _bO8.2 |
|
| 100 | 1 | _aOtero, Herminio | |
| 245 | 1 | 0 |
_aEducar con imágenes/2 : _bidentidad, liberación y compromiso / _cHerminio Otero. |
| 260 |
_aMadrid : _bCCS, _c1999. |
||
| 300 |
_a215 p. : _bil. |
||
| 440 | 0 |
_aMateriales para educadores ; _v35 |
|
| 650 | 4 |
_aEnseñanza audiovisual _913757 |
|
| 905 | _aLibro | ||
| 999 |
_c94353 _d94353 |
||